000 00444nam a2200133Ia 4500
005 20251222144815.0
008 251222s9999||||xx |||||||||||||| ||spa||
020 _a978-603-4011-21-2
082 _a378.128.5/A81
100 _aAsmat Azahuanche, Humberto
245 0 _aPropuesta Integrada de Diseño e Implementación de los Estudios de Formación General en las Universidades del País
264 _bAsamblea Nacional de Rectores
942 _cLIB
999 _c20275
_d20275